| 000 | 00675nam a22001337a 4500 | ||
|---|---|---|---|
| 999 |
_c533113 _d533113 |
||
| 008 | 260424b ||||| |||| 00| 0 eng d | ||
| 100 |
_aAbhilasha and Kumar, Ashwani _960225 |
||
| 245 | _aA narrative analysis of the folk ballad of Rani Rupi of the Lahaula tribe: A study based on the perspective of gander | ||
| 260 | _aMan in India | ||
| 300 | _a105(3&4), 2025: p.253-262 | ||
| 520 | _aThe folklore of Lahaula tribe is very vast especially it has a rich heritage of folk ballads of different genres like narrating stores of deities, embellishments, marriage rituals, historical incidents significant person etc. –Reproduced | ||
| 773 | _aMan in India | ||
| 942 | _cAR | ||